书目信息 |
| 题名: |
爱上一座城
|
|
| 作者: | 林徽因 著 | |
| 分册: | ||
| 出版信息: | 北京 煤炭工业出版社 2018.09 |
|
| 页数: | 254页 | |
| 开本: | 21cm | |
| 丛书名: | ||
| 单 册: | ||
| 中图分类: | TU-53 , TU | |
| 科图分类: | ||
| 主题词: | 建筑学--jian zhu xue--文集 | |
| 电子资源: | ||
| ISBN: | 978-7-5020-6887-5 | |
| 000 | 00843nam0 2200241 450 | |
| 001 | 2335645674 | |
| 005 | 20231109184321.88 | |
| 010 | @a978-7-5020-6887-5@dCNY39.80 | |
| 100 | @a20201103d2018 em y0chiy50 ea | |
| 101 | 0 | @achi |
| 102 | @aCN@b110000 | |
| 105 | @aa z 000yy | |
| 200 | 1 | @a爱上一座城@Aai shang yi zuo cheng@f林徽因著 |
| 210 | @a北京@c煤炭工业出版社@d2018.09 | |
| 215 | @a254页@c彩图@d21cm | |
| 300 | @a林徽因文集 建筑 | |
| 330 | @a本书收录了林徽因关于建筑学方面的文章与论述, 有外出考察古建筑的调查报告, 也有对古代建筑的评价与看法, 还有对当代社会人民生活住宅的设计、研究等, 此外还有一些随笔杂谈, 力求向读者展现林徽因作为建筑学家的一面。 | |
| 606 | 0 | @a建筑学@Ajian zhu xue@j文集 |
| 690 | @aTU-53@v5 | |
| 690 | @aTU@v4 | |
| 701 | 0 | @a林徽因@Alin hui yin@4著 |
| 801 | 0 | @aCN@b山东中教@c20230928 |
| 905 | @aBZT@dTU@e29 | |
| 爱上一座城/林徽因著.-北京:煤炭工业出版社,2018.09 |
| 254页:彩图;21cm |
| 林徽因文集 建筑 |
| ISBN 978-7-5020-6887-5:CNY39.80 |
| 本书收录了林徽因关于建筑学方面的文章与论述, 有外出考察古建筑的调查报告, 也有对古代建筑的评价与看法, 还有对当代社会人民生活住宅的设计、研究等, 此外还有一些随笔杂谈, 力求向读者展现林徽因作为建筑学家的一面。 |
| ● |
| 相关链接 |
|
|
|
正题名:爱上一座城
索取号:TU/29
 
预约/预借
| 序号 | 登录号 | 条形码 | 馆藏地/架位号 | 状态 | 备注 |
| 1 | 2000972159 | 2000972159 | 315书库/四28架A面4层5列/ [索取号:TU/29] | 在馆 | |
| 2 | 2000972160 | 2000972160 | 315书库/四28架A面4层5列/ [索取号:TU/29] | 在馆 | |
| 3 | 2000972161 | 2000972161 | 315书库/四28架A面4层5列/ [索取号:TU/29] | 在馆 | |
| 4 | 2000972162 | 2000972162 | 315书库/四28架A面4层5列/ [索取号:TU/29] | 在馆 | |
| 5 | 2000972163 | 2000972163 | 315书库/四28架A面4层5列/ [索取号:TU/29] | 在馆 | |
| 6 | 2000972164 | 2000972164 | 315书库/四28架A面4层5列/ [索取号:TU/29] | 在馆 |